00940cam a2200229 4500001000500000005001700005008003900022010001700061020001500078020001800093043001200111245014200123246008100265264009800346300005100444336002100495337002500516338002300541650003300564650003500597710007800632505320181127174700.0120925s2012 ii ab bs 000 0 eng a 2012339753 a8171889697 a9788171889693 ap------00aEconomic and social survey of Asia and the pacific, 2012 :bpursuing shared prosperity : in an era of turbulence & high commodity prices.30aPursuing shared prosperity : in an era of turbulence & high commodity prices 1aNew Delhi :bPublished for and on behalf of the United Nations by Academic Foundation,c2012. axxx, 202 pages :billustrations, maps ;c27 cm atext2rdacontent aunmediated2rdamedia avolume2rdacarrier 0aFiscal policyzPacific Area. 0aMonetary policyzPacific Area.2 aUnited Nations.bEconomic and Social Commission for Asia and the Pacific.